| 000 | 00282 a2200097 4500 | ||
|---|---|---|---|
| 020 | _a072773170X | ||
| 082 | _a624.15136 RAI | ||
| 245 |
_aGround and Soil Improvement _cEdited by C. A. Raison |
||
| 260 |
_aLondon : _bThomas Telford Publishing, _c2004 |
||
| 300 |
_a193p. : _bill. ; _c29 cm |
||
| 650 | _aSoil Improvement | ||
| 999 |
_c1134 _d1134 |
||